00576nam a22001937a 45000010005000000030009000050050017000140080041000310200015000720400038000870820019001252450066001442600038002103000040002484900033002886500018003216500017003397000026003564116BD-DhUAP20200302151655.0200302s1987 enka|||| |||| 00| 0 eng d a0856709123 aBD-DhUAPbEngcBD-DhUAPdBD-DhUAP 223a709.41 TWE a20th-century British art / cJohn Russell Taylor ...[et al.]. aLondon : bAcademy Group, c1987. a80 pages :billustrations ;c28 cm. aArt and design profiles ;1.  aArt, British. aArt, Modern. aTaylor, John Russell.